000 00662nam a22002177a 4500
999 _c7909
_d7909
001 7909
003 BD-JhCC
005 20180215113120.0
008 171016s1971 bg |||| ||a| 000 0 ben d
035 _a(BD-JhCC)7909
040 _aBD-JhCC
_dBD-JhCC
041 _aben
082 _a355.42595492
_bSYE 1671
100 _aসায়ীদ, অাবু
245 _aবাংলাদেশের গেরিলা যুদ্ধ /
_cঅাবু সায়ীদ
260 _aঢাকা :
_bমুক্তধারা,
_c1971.
300 _a111 p. :
_c21 cm.
650 _aGuerilla War
_zBangladesh
942 _2ddc
_cBK